Grammy Winners 2023 - Statistics

General Stats
  • This quiz has been taken 31 times
  • The average score is 6 of 34
Answer Stats
Category Answer % Correct
Best Music Video Taylor Swift
72%
Best Dance/Electronic Recording Beyoncé
55%
Best Dance/Electronic Music Album Beyoncé
55%
Best Traditional R&B Performance Beyoncé
55%
Album of the Year Harry Styles
55%
Best Pop Vocal Album Harry Styles
55%
Best Pop Solo Performance Adele
41%
Record of the Year Lizzo
41%
Best Rap Performance Kendrick Lamar
38%
Best Rap Album Kendrick Lamar
38%
Best New Artist Samara Joy
17%
Song of the Year Bonnie Raitt
14%
Producer Of The Year, Non-Classical Jack Antonoff
14%
Best Pop Duo/Group Performance Sam Smith, Kim Petras
10%
Best Melodic Rap Performance Future Featuring Drake & Tems
7%
Best Progressive R&B Album Steve Lacy
7%
Best Country Solo Performance Willie Nelson
7%
Best Country Album Willie Nelson
7%
Best Rock Performance Brandi Carlile
3%
Best Rock Song Brandi Carlile
3%
Best Traditional Pop Vocal Album Michael Bublé
3%
Best R&B Performance Muni Long
3%
Best Metal Performance Ozzy Osbourne
3%
Best Rock Album Ozzy Osbourne
3%
Best R&B Album Robert Glasper
3%
Best Latin Rock or Alternative Album Rosalía
3%
Songwriter of the Year, Non-Classical Tobias Jesso Jr.
3%
Best Alternative Music Performance Wet Leg
3%
Best Alternative Music Album Wet Leg
3%
Best Country Duo/Group Performance Carly Pearce & Ashley McBryde
0%
Best R&B Song Denisia "Blu June" Andrews, Beyoncé, Brittany "Chi" Coney
0%
Best Rap Song Jake Kosich, Johnny Kosich, Kendrick Lamar & Matt Schaeffer
0%
Best Country Song Matt Rogers & Ben Stennis
0%
Best Contemporary Instrumental Album Snarky Puppy
0%
No matching quizzes found
Score Distribution
Percent of People with Each Score
Percentile by Number Answered
Your Score History
You have not taken this quiz